000 01465naa a2200373.c 4500
001 48873
999 _c48873
_d48873
003 ES-MaCES
005 20170213125048.0
008 170213s2016 sp ||||| t||||||| ||spa d
040 _aES-MaCES
_bspa
_cES-MaCES
_dES-MaCES
100 1 _919692
_aNogueira Guastavino, Magdalena
245 1 4 _aDel derecho de libre circulación de trabajadores al BREXIT: ¿un viaje de ida y vuelta?
_cMagdalena Nogueira Guastavino
500 _aResumen
504 _aBibliografía: p. 151
650 4 _929880
_alibre circulación
650 4 _928354
_amovilidad de la mano de obra
650 4 _928408
_atrabajador migrante
650 4 _929805
_amigración internacional
650 4 _927034
_aseguridad social
650 4 _929076
_aprotección social
650 4 _929003
_aasistencia social
650 4 _927165
_aderecho del trabajo
650 4 _927166
_alegislación del trabajo
650 4 _926701
_aEstado miembro
650 4 _929020
_apaís de la UE
650 4 _926967
_aReino Unido
650 4 _930776
_apolítica comunitaria
650 4 _929490
_aTribunal de Justicia CE
650 4 _926752
_aUE
653 1 0 _aDerecho del trabajo y Seguridad Social
773 0 _985290
_dMadrid (Príncipe, 5, 28012) Asociación de Cajas de Ahorros para las Relaciones Laborales
_o088188
_tDocumentación laboral
_w(ES-MaCES)25160
_gn. 107 (2016-II) {10142 R. 088188} ;p. 127-151
902 _aART Artículo de revista
942 _2CES
_cAR
_h6.0.1.